|
|
|
|
| LEADER |
00000nab a2200000 a 4500 |
| 001 |
vtls000863773 |
| 003 |
SK-MaSNL |
| 005 |
20260318114751.0 |
| 008 |
160405c2004 xo 0 hun |
| 015 |
|
|
|a SNBRB2004/02-06458
|
| 035 |
|
|
|a CLN000215329
|
| 040 |
|
|
|a SNKBUCL
|b slo
|c SNKBUCL
|e AACR2
|
| 041 |
0 |
|
|a hun
|
| 044 |
|
|
|a xo
|c SK
|
| 080 |
|
|
|a 373.54(437.6)(=511.141):257(091)
|2 1997
|
| 080 |
|
|
|a 257(437.6)(=511.141)(091):282
|2 1997
|
| 245 |
0 |
0 |
|a <<A>> komáromi Marianum
|
| 300 |
|
|
|b Fotogr.
|
| 500 |
|
|
|a Dokončenie
|
| 610 |
|
7 |
|a Marianum Katholikus Középiskolai Fiúinternátus (Komárno, Slovensko)
|x dejiny
|2 snkbucl
|9 1615857
|
| 651 |
|
7 |
|a Komárno (Slovensko : okres)
|2 snkbucl
|9 15954
|
| 655 |
|
7 |
|a články z novín a časopisov
|2 snkbucl
|9 267496
|
| 773 |
0 |
|
|x 1335-6534
|t Remény
|g Roč. 15, č. 2 (2004), s. 7
|
| 850 |
|
|
|a Slovenská národná knižnica v Martine
|
| 852 |
|
|
|a SNK
|b KIS3GCP
|
| 958 |
|
|
|a HU
|
| 958 |
|
|
|a SK
|
| 958 |
|
|
|a RBX
|
| 999 |
|
|
|c 3329263
|d 3331193
|